000 00538nam a22002057a 4500
003 LK-CoDNM
005 20241004150117.0
008 241004b |||||||| |||| 00| 0 eng d
040 _aLK-CoDNM
_dLK-CoDNM
_eLK-CoDNM
041 _aeng
080 _a105
_bA33
245 _aPeace and Religion
260 _aColombo
_bCampaign for development and society
_c1994
300 _b18p. ; 24 cm
650 _aPeace and Religion
650 _aCampaign for development and society
650 _a105 A33
650 _aReligion
942 _cBK
999 _c217739
_d217739